| 000 | 01292nam a22002537a 4500 | ||
|---|---|---|---|
| 005 | 20250613160727.0 | ||
| 008 | 250613b |||||||| |||| 00| 0 eng d | ||
| 020 | _a978-93-92603-09-9 (hbk) | ||
| 037 | _cTB | ||
| 040 |
_aCRL _cCRL |
||
| 041 |
_2hin _ahin _hsan |
||
| 084 |
_aY:1.2 152R3 _qCRL |
||
| 245 | _aसंस्कृतसंस्कृतिमंजूषा | ||
| 260 |
_aराजस्थान, भारत: _bसंस्कृत संस्कृति विकास संस्थान, _c2013. |
||
| 300 | _a264पृ. | ||
| 365 |
_b995.00 _cINR |
||
| 546 | _aTranslated from Sanskrit to Hindi | ||
| 650 | _aसमाजशास्त्र | ||
| 650 |
_aसंस्कृत मंजूषा _9812861 |
||
| 700 |
_aशर्मा, सुनील कुमार _eसंपादक _9812862 |
||
| 700 |
_aखण्डेलवाल, अपर्णा धीर _eसंपादक _9812863 |
||
| 942 |
_2CC _cTB _hY:1.2 152R3 _n0 |
||
| 999 |
_c1431726 _d1431726 |
||